|
|
|
|
| LEADER |
02117nam a2200517 i 4500 |
| 001 |
nkc20172867367 |
| 003 |
CZ PrNK |
| 005 |
20170220170513.0 |
| 007 |
ta |
| 008 |
170110s2016 xr aci e 000 0 cze |
| 015 |
|
|
|a cnb002867367
|
| 020 |
|
|
|a 978-80-270-1159-9
|q (v knize neuvedeno ;
|q vázáno)
|
| 035 |
|
|
|a (OCoLC)972606833
|
| 040 |
|
|
|a BOA001
|b cze
|d ABA001
|e rda
|
| 043 |
|
|
|a e-xr---
|b e-xr-jm
|2 czenas
|
| 072 |
|
7 |
|a 908(437)
|x Vlastivěda Česka a Slovenska
|2 Konspekt
|9 8
|
| 080 |
|
|
|a 94(437.322)
|2 MRF
|
| 080 |
|
|
|a 908(437.322)
|2 MRF
|
| 080 |
|
|
|a (082.2)
|2 MRF
|
| 080 |
|
|
|a (084.11)
|2 MRF
|
| 100 |
1 |
|
|a Koudelka, Milan,
|d 1968-
|7 jn20000401446
|4 aut
|
| 245 |
1 |
0 |
|a Blansko :
|b brána Moravského krasu® : obrazy ze života města mladého devět století /
|c texty: Milan Koudelka, Jiří Kučera, Martina Hejčová, Petra Skotáková
|
| 264 |
|
1 |
|a Blansko :
|b Město Blansko,
|c 2016
|
| 300 |
|
|
|a 94 stran :
|b ilustrace (převážně barevné), portréty, erby ;
|c 28 cm
|
| 336 |
|
|
|a text
|b txt
|2 rdacontent
|
| 336 |
|
|
|a statický obraz
|b sti
|2 rdacontent
|
| 337 |
|
|
|a bez média
|b n
|2 rdamedia
|
| 338 |
|
|
|a svazek
|b nc
|2 rdacarrier
|
| 500 |
|
|
|a "Vydáno u příležitosti 880. výročí první zmínky o Blansku"
|
| 500 |
|
|
|a Chronologický přehled
|
| 651 |
|
7 |
|a Blansko (Česko)
|7 ge128766
|x dějiny
|2 czenas
|
| 651 |
|
7 |
|a Blansko (Česko)
|7 ge128766
|x vlastivěda
|2 czenas
|
| 651 |
|
9 |
|a Blansko (Czechia)
|x history
|2 eczenas
|
| 655 |
|
7 |
|a jubilejní publikace
|7 fd131839
|2 czenas
|
| 655 |
|
7 |
|a obrazové publikace
|7 fd132947
|2 czenas
|
| 655 |
|
9 |
|a jubilee books
|2 eczenas
|
| 655 |
|
9 |
|a pictorial works
|2 eczenas
|
| 700 |
1 |
|
|a Kučera, Jiří,
|d 1973-
|7 mzk2007377592
|4 aut
|
| 700 |
1 |
|
|a Hejčová, Martina
|7 xx0205495
|4 aut
|
| 700 |
1 |
|
|a Skotáková, Petra,
|d 1985-
|7 mzk2017939580
|4 aut
|
| 910 |
2 |
|
|a BOA001
|b 3-1378.669
|
| 990 |
|
|
|a BK
|
| 995 |
|
|
|a 01
|
| 991 |
|
|
|b 201701
|c NOV
|
| 996 |
6 |
|
|b 2610694439
|c 3-1378.669
|l MZK
|r Sklad / do 1 hodiny
|n 3
|p p.v.
|w 001595649
|u 000010
|a 1
|e BOA001
|j MZK50
|s P
|
| 996 |
7 |
|
|b 2610694440
|c 3-1378.669
|l MZK
|r Sklad / do 1 hodiny
|n 7
|p p.v.
|w 001595649
|u 000020
|a 1
|e BOA001
|j MZK50
|s A
|